| 000 | 01530nam a2200241Ia 4500 | ||
|---|---|---|---|
| 003 | Ost | ||
| 005 | 20260507075543.0 | ||
| 008 | 260507s9999||||xx |||||||||||||| ||und|| | ||
| 020 | _a9770513091 | ||
| 040 | _cfsecg | ||
| 041 | _aara | ||
| 082 | _a623.819 | ||
| 100 |
_aالشربيني، زكريا أحمد _eمؤلف |
||
| 245 | 0 |
_aالاحصاء وتصميم التجارب في البحوث النفسية والتربوية والاجتماعية / _c زكريا أحمد الشربيني |
|
| 260 |
_aالقاهرة: _bمكتبة الانجلو المصرية, _c2007 |
||
| 300 |
_a540 صفحة؛ _bإيضاحات ؛ _c24 سم |
||
| 504 | _aبيبيلوغرافيا: ص ص.534-540 | ||
| 520 | _aيضم التجريب والتصميمات التجريبية، مبادئ احصائية للتصميمات التجريبية، التصميم التجريبي بمعالجة واحدة والتصميم التجريبي بمعالجتين، التصميم التجريبي بأكثر من معالجتين للقياسات المستقلة، التصميم العاملي ثنائي الإتجاه للقياسات المستقلة، التصميم التجريبي بأكثر من معالجتين، التصميم المختلط، التصميم العاملين ثلاثي الإتجاه، التحليل الإحصائي الماورائي | ||
| 653 | _aالإحصاء - المعاملات الإرتباطية | ||
| 653 | _aالتجارب- علوم | ||
| 653 | _aتصميم التجارب | ||
| 942 | _cكتاب | ||
| 999 |
_c44879 _d44879 |
||